header

The unification of Italy (Record no. 279)

MARC details
000 -LEADER
fixed length control field 01057nam a2200289Ia 4500
100 1# - MAIN ENTRY--AUTHOR NAME
Personal name Gooch, John.
245 14 - TITLE STATEMENT
Title The unification of Italy
260 ## - PUBLICATION, DISTRIBUTION, ETC. (IMPRINT)
Place of publication London :
Name of publisher Methuen,
Year of publication 1986.
300 ## - PHYSICAL DESCRIPTION
Number of Pages xiv, 42 p. :
Other physical details map.
490 1# - SERIES STATEMENT
Series statement Lancaster pamphlets
856 40 - ELECTRONIC LOCATION AND ACCESS
Uniform Resource Identifier http://site.ebrary.com/lib/rucke/Doc?id=5003768

No items available.

© 2026 Rongo University
Contact us: librarian | system librarian | Rongo university